=LDR 00000nam 2200000 4500 =001 000522 =005 20250710115308 =035 ##$$a 0010-0725000386 =007 ta =008 250710################a##########0#ind## =020 ##$$a 978-623-472-282-6 =082 ##$$a 398.209 598 =084 ##$$a 398.209 598 GOS e =100 #$$a Goswami, Amar =245 1#$$a Es Krim Awan /$c Amar Gosmawi =250 ##$$a cetakan pertama =260 ##$$a Jakarta :$b Badan pengembangan dan pembinaan bahasa,$c 2022 =300 ##$$a 16 hlm. : $b ilus. ; $c 22,9 cm$e 398.209 598 =650 #4$$a Cerita Anak Indonesia =856 ##$$a TBM As Suhada =990 ##$$a TBM02770277